Представление документа в формате RUSMARC

ПолеНазваниеЗначение
  Тип записи a
  Библиографический уровень m
001 Контрольный номер 2610778b40c34637980b87cbdab8c19e
005 Дата корректировки 20260122091917.6
010 Индекс ISBN __
a ISBN 978-5-17-168684-0
d Цена 1089-00
100 Данные общей обработки __
a Данные общей обработки 20260119d2024####am#y0rusy50######ca
101 Язык документа 0_
a Язык текста rus
102 Страна публикации __
a Страна публикации RU
200 Заглавие и сведения об ответственности 1_
a Заглавие Графология
e Сведения, относящиеся к заглавию самоанализ по почерку
f Первые сведения об ответственности Лариса Дрыгваль
210 Выходные данные 1_
a Место издания Москва
c Издательство АСТ
d Дата издания 2024
215 Физическое описание __
a Объем 269, [2] с.
225 Серия (Журнальная рубрика) 2_
a Серия (Журнальная рубрика) Экспертный взгляд
300 Общие примечания __
a Общие примечания На 4-й с. обложки автор: Л. Дрыгваль - клинический психолог, графолог
320 Библиография __
a Библиография Библиография с. 269-270 и в подстрочных примечаниях
330 Аннотация __
a Аннотация В книге рассмотрены методы графологического анализа, помогающие распознать особенности почерка и их связь с эмоциональным и психологическим состоянием личности. Автор подробно разбирает различны аспекты почерка и на конкретных примерах показывает, какие черты почерка могут свидетельствовать об интеллектуальных и психоэмоциональных особенностях человека.
333 Примечание о целевом назначении __
a Примечание о целевом назначении 16+
606 Тематические рубрики __
a Основная рубрика Психология
606 Тематические рубрики __
a Основная рубрика Психология личности
606 Тематические рубрики __
a Основная рубрика Практическая психология
610 Ключевые слова 0_
a Ключевые слова графологический анализ
a Ключевые слова письменная речь
a Ключевые слова психологическая диагностика
a Ключевые слова расстройства почерка
a Ключевые слова формирование почерка
a Ключевые слова строение почерка
a Ключевые слова организация почерка
a Ключевые слова интеллект и почерк
a Ключевые слова психология и почерк
a Ключевые слова почерк и личность
a Ключевые слова детский почерк
a Ключевые слова подростковый почерк
a Ключевые слова эмоциональное состояние
a Ключевые слова психологическое состояние
a Ключевые слова характер (психология)
a Ключевые слова подпись
a Ключевые слова самоидентификация подписи
a Ключевые слова идентичность подписи
a Ключевые слова графотерапия
686 Индексы других классификаций __
a Индекс ББК 88.3
686 Индексы других классификаций __
a Индекс ББК 88.9
700 Автор _1
a Фамилия Дрыгваль
b Имя Л. Е.
g Полное личное имя Лариса Евгеньевна
f Даты 1973-
4 Код отношения 070
801 Источник записи _0
a Страна RU
b Организация Центральная районная библиотека им. Г. А. Пирожникова
c Дата составления 20260119
g Правила каталогизации bzbo
801 Источник записи _1
a Страна RU
b Организация Центральная районная библиотека им. Г. А. Пирожникова
c Дата составления 20260119
g Правила каталогизации bzbo
852 Данные о местонахождении __
i Авторский знак Д 769
j Шифр хранения 88.3
901 Тип документа __
t Тип документа m
902 Роль лиц __
a Создатель БЗ ОКиО/Колмакова